Normal view MARC view
  • Bayross, Ivan

Entry Personal Name

Number of records used in: 4

001 - CONTROL NUMBER

  • control field: 121

003 - CONTROL NUMBER IDENTIFIER

  • control field: OSt

005 - DATE AND TIME OF LATEST TRANSACTION

  • control field: 20160427114952.0

008 - FIXED-LENGTH DATA ELEMENTS

  • fixed length control field: 160427|| aca||aabn | a|a d

040 ## - CATALOGING SOURCE

  • Original cataloging agency: OSt
  • Transcribing agency: OSt

100 ## - HEADING--PERSONAL NAME

  • Personal name: Bayross, Ivan

670 ## - SOURCE DATA FOUND

  • Source citation: Work cat.: (OSt): Bayross, Ivan, Web Enabled Commercial Applications Development Using. HTML. DHTML, Java Scripts, Per CGI, 2002